| 000 | 00848nam a2200205 a 4500 | ||
|---|---|---|---|
| 003 | 0 | ||
| 005 | 20250410123400.0 | ||
| 008 | 970101s19uu xx 00 eng d | ||
| 050 |
_aPGS BV 615 _b.T172 2004 |
||
| 100 | _aTapia, Gian Karlo D. | ||
| 245 |
_aReligious beliefs and practices of the child laborers in the streets of Las Piñas City / _cGian Karlo D. Tapia. |
||
| 260 |
_aLas Piñas City, Philippines : _bSouthville International School and Colleges, _c2004. |
||
| 300 |
_a67 pages : _bcolored illustrations ; _c28 cm. |
||
| 504 | _aIncludes bibliographical references. | ||
| 650 | _aReligion and children. | ||
| 650 |
_aChild labor _vReligious aspects _zPhilippines. |
||
| 650 |
_aChildren _vReligious life _zPhilippines. |
||
| 650 |
_aReligious beliefs and practices _vChild laborers _zLas Piñas City _zPhilippines. |
||
| 942 |
_2lcc _cPASS |
||
| 999 |
_c97061 _d97061 |
||